| 000 | 00317nam a2200121Ia 4500 | ||
|---|---|---|---|
| 008 | 230907s9999||||xx |||||||||||||| ||und|| | ||
| 082 |
_a621.381 _bSED |
||
| 100 | _aSedra, Adel S. | ||
| 245 | 0 | _aMicroelectronic circuits / | |
| 260 |
_aOxford University Press, _bNew York : _c2018 |
||
| 300 | _a1292 p. : | ||
| 942 | _cBK | ||
| 999 |
_c600567 _d600567 |
||